000 01023nam a2200289 i 4500
001 000046429
003 DO-SdBNP
005 20250127142048.0
007 ta
008 150812s2001 dr 000 0 spa d
040 _aDO-SdBNP
_bspa
_cBNPHU
_erda
082 4 _axxx
_bM896n
_222
100 1 _a Moscoso Puello, F. E.,
_q (Francisco Eujenio)
_d1885-1959
_958361
_eautor
_4aut.
245 1 0 _aNavarijo /
_cFrancisco E. Moscoso Puello ; prólogo, Bruno Rosario Candelier.
250 _aSegunda edición
264 4 _aSanto Domingo :
_bEditora Sociedad Dominicana de Bibliófilos,
_c2001.
300 _a392 páginas ;
_c22 cm.
336 _atexto
_btxt
_2rdacontent
337 _asin mediación
_bn
_2rdamedia
338 _avolumen
_2rdacarrier
_bnc
490 _aBibliófilos 2000
_v2
500 _aIncluye datos biográficos del autor en la solapa de la contracubierta
590 _aInventariado, 2023/BT
700 1 _aRosario Candelier, Bruno,
_d1941-
_eprologuista
_9851
_4pr.
910 _aBtavárez
942 _2ddc
_cLBS1
999 _c45918
_d45918